| 000 | 00633nam a2200205 a 4500 | ||
|---|---|---|---|
| 005 | 20231025063618.0 | ||
| 008 | 020208s2001 r 000 0 eng d | ||
| 020 | _a9879065905 | ||
| 035 | _aUPN01000115770 | ||
| 049 | _aCG | ||
| 050 | 4 |
_aN5300 _bC3.3 |
|
| 100 | 1 | _aCavallaro, Dani | |
| 245 | 1 | 0 |
_aHistoria del arte para principiantes / _cDani Cavallaro ; il. Carline Vago-hughes ; tr. Antonio Bonanno. |
| 260 |
_aBuenos Aires : _bEra naciente, _c2001. |
||
| 300 |
_a175 p. : _bil. |
||
| 440 | 0 |
_aDocumentales ilustrados ; _v69 |
|
| 534 |
_pTraducción de: _tArt for Beginners |
||
| 650 | 4 |
_aArte _xHistoria _92484 |
|
| 905 | _aLibro | ||
| 999 |
_c88855 _d88855 |
||